FC Bayern München Squad 2012-2013 - Statistics

General Stats
  • This quiz has been taken 91 times
  • The average score is 18 of 28
Answer Stats
# Position Nation Player % Correct
1 GK Germany Manuel Neuer
100%
10 FW Netherlands Arjen Robben
99%
7 FW France Franck Ribéry
99%
9 FW Croatia Mario Mandžukić
96%
27 DF Austria David Alaba
89%
25 MF Germany Thomas Müller
89%
21 DF Germany Philipp Lahm
88%
8 MF Spain Javi Martínez
86%
4 DF Brazil Dante
85%
17 DF Germany Jérôme Boateng
82%
11 MF Switzerland Xherdan Shaqiri
82%
14 FW Peru Claudio Pizarro
78%
31 MF Germany Bastian Schweinsteiger
77%
33 FW Germany Mario Gómez
77%
13 DF Brazil Rafinha
77%
5 DF Belgium Daniel Van Buyten
75%
39 MF Germany Toni Kroos
70%
30 MF Brazil Luiz Gustavo
62%
- Coach Germany Jupp Heynckes
58%
28 DF Germany Holger Badstuber
55%
22 GK Germany Tom Starke
52%
44 MF Ukraine Anatoliy Tymoshchuk
44%
26 DF Germany Diego Contento
40%
36 MF Germany Emre Can
30%
32 GK Germany Lukas Raeder
19%
23 DF Germany Mitchell Weiser
14%
20 FW Germany Patrick Weihrauch
11%
24 GK Germany Maximilian Riedmüller
10%
No matching quizzes found
Score Distribution
Percent of People with Each Score
Percentile by Number Answered
Your Score History
You have not taken this quiz